Sports Quiz

Random Sports or Country Quiz

Formula one drivers, 2011 Quiz Stats

 Plays Quiz not verified by Sporcle

Challenge
Share
Tweet
Embed
Score 0/28 Timer 07:00
0 Plays Today
Team (car no.) Driver % Correct
Red Bull Racing (1)Sebastian Vettel
99.1%
Vodafone McLaren Mercedes (4)Jenson Button
98.3%
Red Bull Racing (2)Mark Webber
97.4%
Scuderia Ferrari (6)Felipe Massa
93.9%
Mercedes GP Petronas (7)Michael Schumacher
93%
Vodafone McLaren Mercedes (3)Lewis Hamilton
90.4%
Scuderia Ferrari (5)Fernando Alonso
87%
Mercedes GP Petronas (8)Nico Rosberg
87%
Force India (14)Adrian Sutil
84.3%
Scuderia Toro Rosso (18)Sebastien Buemi
76.5%
Lotus Renault GP (9)*Nick Heidfeld
65.2%
Lotus Renault GP (10)Vitaly Petrov
65.2%
AT&T Williams (11)Rubens Barrichello
64.3%
Force India (15)Paul di Resta
62.6%
Team (car no.) Driver % Correct
Sauber (16)Kamui Kobayashi
59.1%
Marussia Virgin Racing (24)Timo Glock
58.3%
Team Lotus (21)Jarno Trulli
57.4%
Team Lotus (20)Heikki Kovalainen
50.4%
AT&T Williams (12)Pastor Maldonado
49.6%
HRT F1 (23)Vitantonio Liuzzi
47.8%
Sauber (17)Sergio Perez
47%
Scuderia Toro Rosso (19)Jaime Alguersuari
46.1%
HRT F1 (22)Narain Karthikeyan
38.3%
Marussia Virgin Racing (25)Jerome d'Ambrosio
38.3%
Sauber (17)*Pedro de la Rosa
17.4%
HRT F1 (22)Daniel Ricciardo
15.7%
Lotus Renault GP (9)*Bruno Senna
15.7%
Team Lotus (21)Karun Chandhok
14.8%

You're not logged in!

Compare scores with friends on all Sporcle quizzes.
OR
Log In

You Might Also Like...

Show Comments

Extras

Top Quizzes Today


Score Distribution

Your Account Isn't Verified!

In order to create a playlist on Sporcle, you need to verify the email address you used during registration. Go to your Sporcle Settings to finish the process.

Report this User

Report this user for behavior that violates our Community Guidelines.

Details: